00310nam a2200121Ia 4500008004100000100002500041245002000066260004900086300000900135650002000144942000700164999001700171190216s9999||||xx |||||||||||||| ||und|| aPunathil Kunhabdulla 0aSmarakashilakal bSahithya Pravarthaka Sahakarana Sangamc1980 a324p aMalayalam Novel cBK c25988d25988